000 00298nam a22001217a 4500
003 OSt
008 150215b xxu||||| |||| 00| 0 eng d
100 1 _aPoole, Bertram W. H.
041 _aeng
245 1 0 _aThe Pioneer Stamps of the British Empire
260 _aLondon
_bFaber and Faber
300 _a0 pages
999 _c807
_d807